000 00798nam a2200253Ia 4500
003 OSt
005 20220928125500.0
006 a|||||r|||| 00| 0
007 ta
008 220927b |||||||| |||| 00| 0 eng d
020 _c1790
024 _a128025
037 _b218, 31/12/2015, Classic Book Service
_cTextual
040 _aSDCL
_cSDCL
_beng
041 _2eng
_aeng
082 _aB33:1ObD66, Q3;1-2
100 _aBober William
_9433283
245 0 _aIntroduction to numerical and analytical methods with matlab for engineers and scientists
260 _aBoca Raton
_b CRC Press
_c2015
300 _axvii;537p.
_ccm.
650 _aI I C
942 _hB33:1ObD66, Q3;1-2
_cTEXL
_2CC
999 _c782450
_d782450